000 00356cam a2200145ua 4500
041 _aeng
_h
082 _a824
_bSTR/BI
100 _aStrachey, Lytton .
245 _aBiographical Essays /
_cLytton Strachey.
_hTextual Documents
260 _aLondon :
_bChatto and winds ,
_c1960.
300 _a295 ; .
504 _a
942 _cBK
999 _c1024
_d1024